书目信息 |
| 题名: |
最后的女神
|
|
| 作者: | 司徒佩琪 编著 | |
| 分册: | ||
| 出版信息: | 北京 东方出版社 2005.06 |
|
| 页数: | 237页, [2] 页图版 | |
| 开本: | 24cm | |
| 丛书名: | 光影之诗 | |
| 单 册: | ||
| 中图分类: | K837.125.7 | |
| 科图分类: | ||
| 主题词: | 演员--yan yuan--传记--美国--现代 | |
| 电子资源: | ||
| ISBN: | 7-5060-2234-6 | |
| 000 | 01145nam 2200289 450 | |
| 001 | 012007723534 | |
| 005 | 20071008105537.45 | |
| 010 | @a7-5060-2234-6@dCNY35.00 | |
| 100 | @a20070801d2005 km y0chiy0120 ea | |
| 101 | 0 | @achi |
| 102 | @aCN@b110000 | |
| 105 | @aaf z 000yb | |
| 200 | 1 | @a最后的女神@Azui hou de nu shen@e葛丽泰·嘉宝纪念册@f司徒佩琪编著@Fsi tu pei qi bian zhu |
| 210 | @a北京@c东方出版社@d2005.06 | |
| 215 | @a237页, [2] 页图版@c图@d24cm | |
| 225 | 2 | @a光影之诗@Aguang ying zhi shi |
| 312 | @a英文并列题名取自书中。 | |
| 330 | @a本书主要介绍了葛丽泰.嘉宝是20世纪三四十年代美国好来坞的著名影星,是当时唯一的超级巨星,以其非凡的演技和个性塑造了一各个鲜明的艺术形象。本书从她成长、演义、感情等方面进行刻画,使其隐约朦胧的形象鲜活起来。 | |
| 410 | 0 | @12001 @a光影之诗 |
| 500 | 10 | @aLast goddess : Greta Garbo@mChinese |
| 517 | 1 | @a葛丽泰·嘉宝纪念册@Age li tai·jia bao ji nian ce |
| 600 | 1 | @a嘉宝@Ajia bao@c(Garbo, Greta),@f1905-1990@x传记 |
| 606 | 0 | @a演员@Ayan yuan@x传记@y美国@z现代 |
| 690 | @aK837.125.7@v4 | |
| 701 | 0 | @a司徒佩琪@Asi tu pei qi@4编著 |
| 801 | 0 | @aCN@c20071008 |
| 905 | @dK837.125.7@eJ230 | |
| 最后的女神:葛丽泰·嘉宝纪念册/司徒佩琪编著.-北京:东方出版社,2005.06 |
| 237页, [2] 页图版:图;24cm.-(光影之诗) |
| ISBN 7-5060-2234-6:CNY35.00 |
| 本书主要介绍了葛丽泰.嘉宝是20世纪三四十年代美国好来坞的著名影星,是当时唯一的超级巨星,以其非凡的演技和个性塑造了一各个鲜明的艺术形象。本书从她成长、演义、感情等方面进行刻画,使其隐约朦胧的形象鲜活起来。 |
| ● |
| 相关链接 |
|
|
|
正题名:最后的女神
索取号:K837.125.7/J230
 
预约/预借
| 序号 | 登录号 | 条形码 | 馆藏地/架位号 | 状态 | 备注 |
| 1 | 251588 | 202515885 | 社科库309/309社科库 4排4列5层/ [索取号:K837.125.7/J230] | 在馆 |